000 00707nam a2200157 a 4500
001 000028251
005 20240320074001.0
008 110401s1999 dr 000 0 spa d
040 _aDO-SdBNP
_bspa
_cBNPHU
245 0 0 _aDocumentos de la provincia eclesiástica de Santo Domingo 1504-1994 y la formación sacerdotal en Santo Domingo (desde el concilio de trento a la fundación de la República) /
_ceditor Rafael Bello Peguero.
260 _aSanto Domingo :
_bAmigo del Hogar,
_c1999.
300 _a35 p. : ;
_c23 cm.
500 _aPalabras en el acto de puesta en circulación Museo de las Casas Reales. Lunes 19 de julio de 1999
700 1 _aBello Peguero, Rafael,
_d1932-2022
_eed.
_92405
049 _aBNPD
999 _c27743
_d27743